| 000 | 00930nam a22002297a 4500 | ||
|---|---|---|---|
| 003 | OSt | ||
| 005 | 20240709115559.0 | ||
| 008 | 240709b ||||| |||| 00| 0 eng d | ||
| 022 | _a22294678 | ||
| 040 | _cAIMIT LIBRARY | ||
| 082 |
_a005.448 _bNEXC |
||
| 110 |
_aPerpetual Innovation _9172979 |
||
| 245 |
_aIJNGC : _binternational journal of next- generation computing / _cEdited by Vijay Kumar. |
||
| 260 |
_bPerpetual Innovation, _c2012. |
||
| 300 |
_bHB _c28 cm |
||
| 440 |
_aIJNGC: international journal of next -generation computing _vVol.3 No.1-3/2012 _9172980 |
||
| 650 |
_aCompetition cooperation and optimization in multi- hop CSMA networks with correlated trffic _9172981 |
||
| 650 |
_aIntegrated push pull algorithm with accomplishment assurance in VANETs _9172982 |
||
| 650 |
_aAn improved DSM system design and implementation _9172983 |
||
| 700 |
_aKumar, Vijay. _eEditor _9172984 |
||
| 942 |
_2ddc _cBV _k005.448 NEXC |
||
| 999 |
_c231418 _d231418 |
||